Work study in administration. (Record no. 70375)

MARC details
000 -LEADER
fixed length control field 00648cam a22002291 4500
001 - CONTROL NUMBER
control field sa 66006205
003 - CONTROL NUMBER IDENTIFIER
control field DLC
005 - DATE AND TIME OF LATEST TRANSACTION
control field 20260227112254.0
008 - FIXED-LENGTH DATA ELEMENTS--GENERAL INFORMATION
fixed length control field 750523s1966 xx 000 0 eng
010 ## - LIBRARY OF CONGRESS CONTROL NUMBER
LC control number sa 66006205
035 ## - SYSTEM CONTROL NUMBER
System control number (OCoLC)1354508
040 ## - CATALOGING SOURCE
Original cataloging agency DLC
Transcribing agency NSyU
Modifying agency DLC
042 ## - AUTHENTICATION CODE
Authentication code premarc
050 00 - LIBRARY OF CONGRESS CALL NUMBER
Classification number T56
Item number .P32
082 ## - DEWEY DECIMAL CLASSIFICATION NUMBER
Classification number 658.5
100 1# - MAIN ENTRY--PERSONAL NAME
Personal name Panda, Nalini Kanta,
Dates associated with a name 1931-
245 10 - TITLE STATEMENT
Title Work study in administration.
260 ## - PUBLICATION, DISTRIBUTION, ETC.
Place of publication, distribution, etc. Bombay,
Name of publisher, distributor, etc. Allied Publishers
Date of publication, distribution, etc. [1966]
300 ## - PHYSICAL DESCRIPTION
Extent xi, 127 p.
Other physical details illus.
Dimensions 23 cm.
500 ## - GENERAL NOTE
General note "Select reading on work study and office improvement": p. 120-124.
650 #0 - SUBJECT ADDED ENTRY--TOPICAL TERM
Topical term or geographic name entry element Industrial engineering.

No items available.

Powered by Koha